Dutch Stage Victories in the Giro d'Italia - Statistics

General Stats
  • This quiz has been taken 10 times
  • The average score is 13 of 37
Answer Stats
Edition Stage Total Wins Answer % Correct
2022 1 1 Mathieu van der Poel
89%
2016 1 4 Tom Dumoulin
89%
2017 10 4 Tom Dumoulin
89%
2017 14 4 Tom Dumoulin
89%
2018 1 4 Tom Dumoulin
89%
2025 4 1 Casper van Uden
56%
1961 8 1 Piet van Est
56%
1953 1 1 Wim van Est
56%
1987 1 2 Erik Breukink
44%
1988 14 2 Erik Breukink
44%
2017 21 1 Jos van Emden
44%
2022 7 2 Koen Bouwman
44%
2022 19 2 Koen Bouwman
44%
2024 9 4 Olav Kooij
44%
2025 12 4 Olav Kooij
44%
2025 21 4 Olav Kooij
44%
2025 10 1 Daan Hoole
33%
1986 2 4 Jean-Paul van Poppel
33%
1986 13 4 Jean-Paul van Poppel
33%
1989 1 4 Jean-Paul van Poppel
33%
1989 15 4 Jean-Paul van Poppel
33%
2021 3 1 Taco van der Hoorn
33%
1973 5 1 Gerben Karstens
22%
1999 3 2 Jeroen Blijlevens
11%
1999 7 2 Jeroen Blijlevens
11%
1986 19 3 Johan van der Velde
11%
1987 15 3 Johan van der Velde
11%
1987 16 3 Johan van der Velde
11%
2011 5 2 Pieter Weening
11%
2014 9 2 Pieter Weening
11%
1954 13 3 Wout Wagtmans
11%
1954 19 3 Wout Wagtmans
11%
1957 6 3 Wout Wagtmans
11%
1964 19 1 Cees Lute
0%
1962 8 1 Huub Zilverberg
0%
1956 5 1 Jan Nolten
0%
1956 13 1 Mies Stolker
0%
No matching quizzes found
Score Distribution
Percent of People with Each Score
Percentile by Number Answered
Your Score History
You have not taken this quiz